00693 a2200181 450000500170000002000170001705000220003410000300005624500910008626400320017730000290020933600260023833700280026433800270029294200340031995201410035399900170049420250617094333.0 a978032356661 aRC 78.4bJOH 2020 aJohnston,James .Ndauthor aEssentials of Radiographic Physics and Imaging /cJames N.Johnston and Terri L.Fauber aMissouri :bElsevier,c2020 a291 pagesbillustrations 2rdacontentatextbtxt 2rdamediaaunmediatedbn 2rdacarrieravolumebnc 2lcccBKethirdh78.4iJOHkRC 001040708NFICaMLbMLcGENd2025-06-17eBook Aid Internationall0oRC 78.4 JOH 2020p034020r2025-06-17 09:43:18tC.1w2025-06-17yBK c11580d11580